00953agaaa2200253 45000010005000000030009000050050017000140070009000310080040000400400023000800410013001031000049001161300027001652450119001922500022003112600047003333000022003805200065004025380016004675460013004836500075004967000061005717000067006322733IT-RoPAU20220918181301.0d cvaizq50131s9999||||xx ||| | || ||und|| aIT-RoPAUcIT-RoPAU aITALIANO aAldovrandi PinogCodice regista SPICS: 38129 aESSERE CHIESA IN KENYA aESSERE CHIESA IN KENYAcDiretto da: Aldovrandi PinopESSERE CHIESA IN KENYA (Rif. Codice opera principale : B2733) aEdizione Standard bSENZA EDITRICE O NON IDENTIFICATA / gn.d. aVHSbsonoro, col. aCONGREGAZIONE DELLE PICCOLE SUORE MISSIONARIE DELLA CARITA'. aPAL, STEREO aITALIANO aDOCUMENTARIOeTV-PROGRAMMI RELIGIOSI [VHS]xCodice MATERIA SPICS: 9963 aAldovrandi Pino e(regista)gCodice regista SPICS: 38129 aFabbrini Marcoe(regista)gCodice secondo regista SPICS: 38130